| 000 | 02847nam a2200289 a 4500 | ||
|---|---|---|---|
| 001 | |||
| 003 | DO-SdBNP | ||
| 005 | 20220324102446.0 | ||
| 008 | 090701s2014 dr 001 0cspa d | ||
| 020 | _a9789945583700 | ||
| 040 |
_aDO-SdBNP _bspa _cBPMSU |
||
| 082 |
_a923.27293 _bG861D 2014 _222 |
||
| 100 | 1 |
_aGrimaldi Silié, Eleanor, _d1948- |
|
| 245 | 1 | 0 |
_aDuarte, Sánchez y Mella : _bvisto por una educadora / _cEleanor Grimaldi Selié ; prólogo Mariano Lebrón Saviñon. |
| 260 |
_aSanto Domingo : _bBúho, _c2014 |
||
| 300 |
_a110 p. ; _c22 cm. |
||
| 504 | _aBibliografía : p. 119-121 | ||
| 505 | 0 |
_tPresentación -- _tPrólogo -- _gJuan Pablo Duarte -- _tInfancia de Duarte -- _tAdolescencia -- _tPasos que dió para lograr la liberación de la Patria -- _tDuarte y la reforma -- _tRegreso de Duarte -- _tDuarte sale deportado -- _tReflexiones sobre algunas cualidades de Juan Pablo Duarte -- _tVocación de maestro -- _tCapacidad de liderazgo -- _tSu vocación religiosa -- _tEl patriotismo de Duarte -- _tDuarte y su amor a los libros -- _tNacionalismo de Duarte -- _tCartas y otros escritos de Duarte -- _tAlgunos pensamientos de Duarte -- _tHimno a Juan Pablo Duarte -- _tPoemas de Duarte -- _tPoesía a Duarte -- _tA Duarte -- _gFrancisco del Rosario Sánchez -- _tFrancisco del Rosario Sánchez -- _tSánchez y el movimiento La Reforma -- _tPlanes del protectorado -- _tContinuación de las labores patrióticas -- _tLos Trinitarios y su alianza con los conservadores afrancesados -- _tLos Trinitarios hacia la proclamación de la independencia -- _tSánchez y la proclamación de independencia -- _tLos conservadores continuán en sus planes de protectorado -- _tRegreso de Duarte -- _tExpulsión de los Trinitarios -- _tFacetas de la vida de Francisco del Rosario Sánchez -- _tInfancia y adolescencia -- _tSánchez y algunas decepciones de su vida -- _tSu vida familiar -- _tSánchez y su liderazgo -- _tEjemplo que legó Sánchez a los dominicanos -- _tOpiniones sobre Sánchez -- _tHimno a Francisco del Rosario Sánchez -- _tPoema a Sánchez -- _tPoesía de un autor anónimo -- _gRamón Matías Mella -- _tRamón Matías Mella -- _tLa noche del 27 de febrero. El trabucazo -- _tMella proclama a Duarte -- _tGolpe de Estado de Santana. Destino de Mella -- _tMella y la Revolución del 1857 -- _tMella y la anexión de 1861 -- _tFacetas de la vida de Mella -- _tMella y las tácticas militares -- _tHimno a Matías Ramón Mella -- _tPoemas dedicadas a Mella -- _tPoesía a Mella -- _tGrito de Redención -- _tVocabulario -- _tBibliografía |
|
| 590 | _6Inventariado, 2022/VM | ||
| 600 | 1 | 4 |
_aDuarte, Juan Pablo, _d1813-1876 |
| 600 | 1 | 4 |
_aSánchez, Francisco del Rosario _d1817-1861 |
| 600 | 1 | 0 |
_aMella, Matías Ramón, _d1816-1864 |
| 651 | 4 |
_aRepública Dominicana _xHistoria _y1844-1930 |
|
| 700 | 1 | _aLebrón Saviñon, Mariano | |
| 910 | _aVMateo V. | ||
| 942 |
_2ddc _cBK |
||
| 999 |
_c14112 _d14112 |
||